| 000 | 00519nam a2200145Ia 4500 | ||
|---|---|---|---|
| 008 | 140724s9999 xx 000 0 und d | ||
| 050 |
_aRT 71 _b.N238 2007 |
||
| 100 | _aNarvadez, Jeremy T. | ||
| 245 |
_aImpact of stress on the fourth year students wellness: _ba basis for stress management techniques / _cJeremy T. Narvadez. |
||
| 260 |
_aLas PiƱas, Philippines : _bSouthville International School and Colleges, _cc2007. |
||
| 300 |
_a100 p. : _bill. ; _c28 cm. |
||
| 521 | _aNursing | ||
| 942 | _cTH | ||
| 999 |
_c229150 _d229150 |
||